International macroeconomic R and D spillovers

Uložené v:
Podrobná bibliografia
Hlavný autor: Edmond, Chris
Médium: Kniha
Jazyk:English
Vydavateľské údaje: Brisbane The University of Queensland 1998
Edícia:Discussion Paper No. 233
Predmet:
Tagy: Pridať tag
Žiadne tagy, Buďte prvý, kto otaguje tento záznam!

MARC

LEADER 00000nam a2200000 4500
001 c101006
005 20221221082719.6
022 |a 1033-4661 
041 0 |a eng 
044 |a AU 
245 1 0 |a International macroeconomic R and D spillovers  |c Chris Edmond 
264 1 |a Brisbane  |b The University of Queensland  |c 1998 
300 |a 30 s. 
490 1 |a Discussion Paper  |v No. 233 
830 0 |a Discussion Paper  |v No. 233 
610 2 0 |a výskum 
610 2 0 |a výskum ekonomický 
610 2 0 |a vývoj 
610 2 0 |a vývoj hospodársky 
610 2 0 |a makroekonomika 
610 2 0 |a spolupráca hospodárska medzinárodná 
610 2 0 |a metodológia 
610 2 0 |a metódy ekonometrické 
100 1 |a Edmond, Chris